| 000 | 00687nam a2200289Ia 4500 | ||
|---|---|---|---|
| 005 | 20260324112856.0 | ||
| 008 | 008 260324s9999 xx 000 0 eng d | ||
| 020 | _a9781003434986 | ||
| 037 | _aEBOOK | ||
| 040 | _aCRL | ||
| 040 | _beng | ||
| 040 | _cCRL | ||
| 041 | _2eng | ||
| 041 | _aeng | ||
| 084 | _qCRL | ||
| 100 |
_aJovita M. Castelino _91144497 |
||
| 245 | 4 | _aThe Homework Conundrum | |
| 245 | 0 | _bHow to Stop the Dog From Eating Homework | |
| 260 | _bTaylor and Francis | ||
| 260 | _c2024 | ||
| 365 | _a | ||
| 365 | _b195 | ||
| 856 | _uhttp://www.taylorfrancis.com/books/9781003434986 | ||
| 942 | _cEBOOK | ||
| 999 |
_c1733874 _d1733874 |
||